[Event "HUN-chT2 Toth 1011"]
[Site "Hungary"]
[Date "2011.04.10"]
[Round "8.1"]
[White "Balazs, Tibor"]
[Black "Balla, Tamas Kristof"]
[Result "0-1"]
[WhiteElo "2198"]
[BlackElo "2375"]
[PlyCount "50"]
[EventDate "2010.09.12"]
[EventType "team-tourn"]
[EventRounds "11"]
[EventCountry "HUN"]
[SourceTitle "EXT 2012"]
[Source "ChessBase"]
[SourceDate "2011.11.24"]
[SourceVersion "1"]
[SourceVersionDate "2011.11.24"]
[SourceQuality "1"]
[WhiteTeam "Mako"]
[BlackTeam "Gyula"]
[WhiteTeamCountry "HUN"]
[BlackTeamCountry "HUN"]

1. d4 Nf6 2. c4 g6 3. Nc3 Bg7 4. Nf3 0-0 5. g3 d6 6. Bg2 Nc6 7. 0-0 a6 8. b3 Rb8 9. Bb2 b5 10. cxb5 axb5 11. Rc1 Bd7 12. d5 Na5 13. Nd4 b4 14. Nb1 e5 15. Nf3 c5 16. dxc6 Bxc6 17. Nbd2 Qb6 18. Ne1 Rfc8 19. Bh3 Rc7 20. Nc4 Nxc4 21. bxc4 Ne4 22. Nd3 Ra7 23. Ra1 Nc3 24. Qd2 Qd4 25. Rfe1 e4 0-1

[Event "HUN-chT2 Toth 0708"]
[Site "Hungary"]
[Date "2008.02.17"]
[Round "6"]
[White "Balazs, Tibor"]
[Black "Baranyai, Antal"]
[Result "1/2-1/2"]
[WhiteElo "2051"]
[BlackElo "1859"]
[PlyCount "51"]
[EventDate "2007.10.14"]
[EventType "team"]
[EventRounds "11"]
[EventCountry "HUN"]
[SourceTitle "EXT 2009"]
[Source "ChessBase"]
[SourceDate "2008.11.26"]
[SourceVersion "1"]
[SourceVersionDate "2008.11.26"]
[SourceQuality "1"]
[WhiteTeam "Mako II"]
[BlackTeam "Nadudvar"]
[WhiteTeamCountry "HUN"]
[BlackTeamCountry "HUN"]

1. e4 e5 2. Nf3 Nc6 3. Bc4 Be7 4. Nc3 Nf6 5. d4 exd4 6. Nxd4 a6 7. Be3 Nxd4 8. Qxd4 d6 9. h3 c5 10. Qd2 b5 11. Bd5 Rb8 12. 0-0 0-0 13. Ne2 Bb7 14. Bxb7 Rxb7 15. Ng3 Re8 16. Rad1 Bf8 17. f3 Rd7 18. Bf4 g6 19. Rfe1 Re6 20. b3 b4 21. c4 a5 22. Bg5 Be7 23. Bf4 Ne8 24. Be3 Qc7 25. Bf2 Bf6 26. Ne2 1/2-1/2

[Event "HUN-chT2 Toth 0708"]
[Site "Hungary"]
[Date "2007.12.16"]
[Round "5"]
[White "Balazs, Tibor"]
[Black "Csomos, Janos"]
[Result "1/2-1/2"]
[WhiteElo "2051"]
[BlackElo "2016"]
[PlyCount "41"]
[EventDate "2007.10.14"]
[EventType "team"]
[EventRounds "11"]
[EventCountry "HUN"]
[SourceTitle "EXT 2009"]
[Source "ChessBase"]
[SourceDate "2008.11.26"]
[SourceVersion "1"]
[SourceVersionDate "2008.11.26"]
[SourceQuality "1"]
[WhiteTeam "Mako II"]
[BlackTeam "Gyula"]
[WhiteTeamCountry "HUN"]
[BlackTeamCountry "HUN"]

1. e4 e6 2. d4 d5 3. Nd2 dxe4 4. Nxe4 Be7 5. Be2 Nd7 6. Nf3 Ngf6 7. Nxf6+ Nxf6 8. 0-0 0-0 9. h3 b6 10. Bf4 Bb7 11. c3 c5 12. dxc5 Bxc5 13. Qxd8 Raxd8 14. Bg5 Be7 15. Rad1 h6 16. Bh4 g5 17. Bg3 Ne4 18. Be5 f6 19. Bd4 Bd5 20. Be3 Nd6 21. Nd4 1/2-1/2

[Event "HUN-chT2 Toth 0708"]
[Site "Hungary"]
[Date "2007.12.09"]
[Round "4"]
[White "Balazs, Tibor"]
[Black "Boka, Zoltan"]
[Result "1/2-1/2"]
[WhiteElo "2051"]
[BlackElo "1962"]
[PlyCount "21"]
[EventDate "2007.10.14"]
[EventType "team"]
[EventRounds "11"]
[EventCountry "HUN"]
[SourceTitle "EXT 2009"]
[Source "ChessBase"]
[SourceDate "2008.11.26"]
[SourceVersion "1"]
[SourceVersionDate "2008.11.26"]
[SourceQuality "1"]
[WhiteTeam "Mako II"]
[BlackTeam "Szentes"]
[WhiteTeamCountry "HUN"]
[BlackTeamCountry "HUN"]

1. e4 c5 2. Nf3 e6 3. d4 cxd4 4. Nxd4 a6 5. Be2 Qc7 6. 0-0 Nc6 7. Nxc6 dxc6 8. a3 Nf6 9. Nc3 Be7 10. Be3 Bd7 11. h3 1/2-1/2

[Event "HUN-chT2 Toth 0304"]
[Site "Hungary"]
[Date "2004.04.04"]
[Round "10"]
[White "Balazs, Tibor"]
[Black "Zsiros, Gyorgy"]
[Result "1/2-1/2"]
[WhiteElo "2058"]
[BlackElo "2046"]
[PlyCount "54"]
[EventDate "2003.09.28"]
[EventType "team"]
[EventRounds "11"]
[EventCountry "HUN"]
[SourceTitle "EXT 2009"]
[Source "ChessBase"]
[SourceDate "2008.11.26"]
[SourceVersion "1"]
[SourceVersionDate "2008.11.26"]
[SourceQuality "1"]
[WhiteTeam "Mako II"]
[BlackTeam "GYDSE"]
[WhiteTeamCountry "HUN"]
[BlackTeamCountry "HUN"]

1. e4 c5 2. Nf3 Nc6 3. d4 cxd4 4. Nxd4 Nf6 5. Nc3 e5 6. Nxc6 bxc6 7. a3 Bc5 8. Be2 0-0 9. 0-0 a6 10. Bc4 Bd4 11. Bd2 d5 12. exd5 cxd5 13. Be2 Bb7 14. Rb1 a5 15. h3 Qc7 16. Bf3 Rab8 17. Qc1 e4 18. Bf4 Be5 19. Bxe5 Qxe5 20. Be2 d4 21. Nd1 Nd5 22. f4 exf3 23. Bxf3 Nf4 24. Qd2 Qg5 25. Kh2 Nxh3 26. Qxd4 Nf4 27. Qf2 Bxf3 1/2-1/2

[Event "HUN-chT2 Toth 0304"]
[Site "Hungary"]
[Date "2003.09.28"]
[Round "1"]
[White "Borombos, Edit"]
[Black "Balazs, Tibor"]
[Result "1/2-1/2"]
[WhiteElo "2057"]
[BlackElo "2058"]
[PlyCount "59"]
[EventDate "2003.09.28"]
[EventType "team"]
[EventRounds "11"]
[EventCountry "HUN"]
[SourceTitle "EXT 2009"]
[Source "ChessBase"]
[SourceDate "2008.11.26"]
[SourceVersion "1"]
[SourceVersionDate "2008.11.26"]
[SourceQuality "1"]
[WhiteTeam "Battonya"]
[BlackTeam "Mako II"]
[WhiteTeamCountry "HUN"]
[BlackTeamCountry "HUN"]

1. d4 d5 2. Bf4 e6 3. Nf3 Nf6 4. h3 Bd6 5. Be5 Bxe5 6. Nxe5 0-0 7. Nd2 Nbd7 8. Ndf3 Nxe5 9. Nxe5 Ne4 10. e3 c5 11. Bd3 Nf6 12. 0-0 c4 13. Be2 Ne4 14. Bf3 Nd6 15. Qe2 f6 16. Ng4 f5 17. Ne5 Nf7 18. Nxf7 Rxf7 19. b3 Rc7 20. Rfd1 Bd7 21. Qe1 a5 22. Be2 c3 23. a4 Qg5 24. f4 Qe7 25. Qf1 h6 26. Qf3 Be8 27. Qg3 Kh8 28. Rf1 Qf6 29. h4 Rac8 30. Qh3 1/2-1/2

[Event "HUN-chT 0102"]
[Site "Hungary"]
[Date "2002.03.03"]
[Round "8"]
[White "Nemeth, Maria"]
[Black "Balazs, Tibor"]
[Result "0-1"]
[WhiteElo "2138"]
[BlackElo "2023"]
[PlyCount "120"]
[EventDate "2001.??.??"]
[EventType "team"]
[EventRounds "11"]
[EventCountry "HUN"]
[SourceTitle "EXT 2004"]
[Source "ChessBase"]
[SourceDate "2003.11.25"]
[SourceVersion "1"]
[SourceVersionDate "2003.11.25"]
[SourceQuality "1"]

1. d4 d5 2. c4 e6 3. Nf3 Nf6 4. Nc3 a6 5. Bf4 Bd6 6. Bg5 Be7 7. e3 0-0 8. Rc1 h6 9. Bh4 c6 10. c5 Nbd7 11. Bd3 Nh7 12. Bg3 f5 13. 0-0 Qe8 14. Ne5 Nhf6 15. b4 Nxe5 16. Bxe5 Nd7 17. Bc7 Bd8 18. Bg3 Be7 19. f3 Bf6 20. Bd6 Be7 21. Bxe7 Qxe7 22. e4 Qg5 23. f4 Qd8 24. e5 b6 25. Ne2 b5 26. a4 Rf7 27. Ra1 bxa4 28. Rxa4 Bb7 29. Qd2 Rf8 30. Rfa1 Qc8 31. Ra5 Kh7 32. Nc3 Rg8 33. Qe2 Nb8 34. Na4 Nd7 35. Kh1 Kh8 36. g4 g6 37. Rg1 Kh7 38. Qf1 Rg7 39. Qh3 Qf8 40. Nc3 Qf7 41. g5 h5 42. Rga1 Nb8 43. Na4 Nd7 44. Qf1 Nb8 45. Nb6 Ra7 46. b5 cxb5 47. Bxb5 Qc7 48. Rc1 Nc6 49. Bxc6 Qxc6 50. Qd3 Rc7 51. Raa1 Kg7 52. Qb3 Kf7 53. Na4 Bc8 54. Qd3 Bb7 55. Rcb1 Bc8 56. Rb6 Qa8 57. Rd6 Bb7 58. Qb3 Bc6 59. Nb6 Qb7 60. Qe3 Bb5 0-1

[Event "HUN-chT3 0001"]
[Site "Hungary"]
[Date "2000.12.17"]
[Round "5.2"]
[White "Berecz, Arpad"]
[Black "Balazs, Tibor"]
[Result "0-1"]
[WhiteElo "2163"]
[BlackElo "2056"]
[PlyCount "72"]
[EventDate "2000.10.29"]
[EventType "team"]
[EventRounds "11"]
[EventCountry "HUN"]
[SourceTitle "EXT 2007"]
[Source "ChessBase"]
[SourceDate "2006.11.23"]
[SourceVersion "1"]
[SourceVersionDate "2006.11.23"]
[SourceQuality "1"]

1. e4 e5 2. f4 d6 3. Nf3 exf4 4. d4 Nf6 5. Nc3 Be7 6. Bxf4 0-0 7. Bd3 Bg4 8. Qe2 Nc6 9. Be3 Nb4 10. 0-0-0 Nxd3+ 11. Rxd3 c6 12. h3 Bxf3 13. gxf3 b5 14. Qg2 g6 15. f4 b4 16. Ne2 d5 17. e5 Ne4 18. f5 Bg5 19. f6 Bxe3+ 20. Rxe3 Qa5 21. Kb1 Rab8 22. h4 Nc3+ 23. Nxc3 bxc3 24. b3 Rb6 25. Rhh3 Ra6 26. a4 Rb8 27. Rxc3 Qxa4 28. Kc1 Qxd4 29. e6 Qxf6 30. exf7+ Qxf7 31. h5 Qe7 32. Qg3 Ra1+ 33. Kd2 Re8 34. Rxc6 Qb4+ 35. c3 Ra2+ 36. Kc1 Qa3+ 0-1

[Event "HUN-chT2 9900"]
[Site "Hungary"]
[Date "2000.03.26"]
[Round "10"]
[White "Toth, Mate Jozsef"]
[Black "Balazs, Tibor"]
[Result "0-1"]
[WhiteElo "2181"]
[BlackElo "2056"]
[PlyCount "78"]
[EventDate "1999.09.26"]
[EventType "team"]
[EventRounds "11"]
[EventCountry "HUN"]
[SourceTitle "EXT 2002"]
[Source "ChessBase"]
[SourceDate "2001.11.25"]
[SourceVersion "1"]
[SourceVersionDate "2001.11.25"]
[SourceQuality "1"]

1. d4 Nf6 2. c4 g6 3. Nc3 Bg7 4. e4 d6 5. f3 0-0 6. Bg5 c5 7. d5 e6 8. Qd2 exd5 9. cxd5 a6 10. Nge2 b5 11. Ng3 Nbd7 12. Be2 Re8 13. 0-0 Qc7 14. Rab1 Bb7 15. Be3 b4 16. Na4 Nb6 17. Nxb6 Qxb6 18. Bc4 a5 19. Rfc1 Ba6 20. Bb3 Bb5 21. a4 Ba6 22. h3 Rac8 23. Re1 Qb7 24. Bd1 Nd7 25. f4 c4 26. Bd4 c3 27. bxc3 bxc3 28. Bxc3 Bxc3 29. Qa2 Qa7+ 30. Kh2 Bxe1 31. Bg4 Bxg3+ 32. Kxg3 Rc3+ 33. Kh2 Nf6 34. Bf3 Qe3 35. Qb2 Qxf4+ 36. Kh1 Rxf3 37. gxf3 Qxf3+ 38. Kh2 Nxe4 39. Rg1 Bc8 0-1

[Event "HUN-chT2 9900"]
[Site "Hungary"]
[Date "1999.10.03"]
[Round "2"]
[White "Juhasz, Mihaly"]
[Black "Balazs, Tibor"]
[Result "1/2-1/2"]
[WhiteElo "2134"]
[BlackElo "2056"]
[PlyCount "71"]
[EventDate "1999.09.26"]
[EventType "team"]
[EventRounds "11"]
[EventCountry "HUN"]
[SourceTitle "EXT 2002"]
[Source "ChessBase"]
[SourceDate "2001.11.25"]
[SourceVersion "1"]
[SourceVersionDate "2001.11.25"]
[SourceQuality "1"]

1. g3 g6 2. Bg2 Bg7 3. d3 Nf6 4. e4 e5 5. Nc3 c6 6. Nge2 0-0 7. 0-0 d5 8. h3 Be6 9. f4 exf4 10. gxf4 dxe4 11. dxe4 Qb6+ 12. Kh2 Rd8 13. Qe1 Na6 14. Qf2 Qxf2 15. Rxf2 Nh5 16. Be3 f5 17. e5 Bf8 18. a3 Be7 19. Bf3 Ng7 20. Rff1 Bc5 21. Bxc5 Nxc5 22. Rfd1 a5 23. h4 Bc4 24. Kg3 Kf8 25. Kf2 Ke7 26. Ke3 Bf7 27. Rxd8 Rxd8 28. Rd1 Rxd1 29. Nxd1 Kd7 30. Ndc3 h6 31. Nd4 Nce6 32. Nce2 Nc7 33. Ng3 Nd5+ 34. Bxd5 Bxd5 35. h5 c5 36. Nf3 1/2-1/2

[Event "HUN-chT2 9899"]
[Site "Hungary"]
[Date "1999.??.??"]
[Round "?"]
[White "Csizmadia, Laszlo"]
[Black "Balazs, Tibor"]
[Result "0-1"]
[WhiteElo "2200"]
[BlackElo "2055"]
[PlyCount "96"]
[EventDate "1998.??.??"]
[EventType "team"]
[EventRounds "12"]
[EventCountry "HUN"]
[SourceTitle "EXT 2000"]
[Source "ChessBase"]
[SourceDate "1999.11.16"]
[SourceVersion "1"]
[SourceVersionDate "1999.11.16"]
[SourceQuality "1"]

1. e4 c5 2. Nf3 d6 3. d4 cxd4 4. Qxd4 Nc6 5. Bb5 Bd7 6. Bxc6 Bxc6 7. c4 Nf6 8. Nc3 g6 9. 0-0 Bg7 10. Qd3 0-0 11. Nd4 Bd7 12. b3 a6 13. h3 Rc8 14. Be3 Qa5 15. Rac1 Qd8 16. Rc2 e6 17. f4 Re8 18. Rd1 Nh5 19. Nf3 Bc6 20. Qxd6 Qxd6 21. Rxd6 Bxc3 22. Rxc3 Bxe4 23. Nd2 Bc6 24. Rcd3 Ng3 25. c5 Nf5 26. Nc4 Nxd6 27. cxd6 Red8 28. Bb6 Bb5 29. Bxd8 Rxd8 30. a4 Bxc4 31. bxc4 Kf8 32. c5 Ke8 33. Kf2 Kd7 34. Ke3 Kc6 35. Kd4 b6 36. Rc3 bxc5+ 37. Rxc5+ Kxd6 38. Rc2 Rb8 39. Rc4 h5 40. g4 hxg4 41. hxg4 f6 42. Ke4 f5+ 43. gxf5 gxf5+ 44. Kd4 Rb3 45. a5 Rf3 46. Rc8 Rxf4+ 47. Kd3 Ra4 48. Ra8 Rxa5 0-1

[Event "HUN-chT2 9798"]
[Site "Hungary"]
[Date "1998.??.??"]
[Round "?"]
[White "Balazs, Tibor"]
[Black "Ferenczi, Csaba"]
[Result "0-1"]
[WhiteElo "2025"]
[BlackElo "2155"]
[PlyCount "96"]
[EventDate "1997.??.??"]
[EventType "team"]
[EventRounds "11"]
[EventCountry "HUN"]
[SourceTitle "EXT 1999"]
[Source "ChessBase"]
[SourceDate "1998.11.16"]
[SourceVersion "1"]
[SourceVersionDate "1998.11.16"]
[SourceQuality "1"]

1. e4 Nc6 2. d4 d5 3. e5 Bf5 4. c3 e6 5. Nf3 Qd7 6. Bd3 Bxd3 7. Qxd3 Nge7 8. b4 Ng6 9. 0-0 Be7 10. a4 0-0 11. Be3 f6 12. exf6 Bxf6 13. b5 Nce7 14. Bg5 Bxg5 15. Nxg5 e5 16. dxe5 h6 17. Qh3 Rf5 18. Nf3 Nf4 19. Qg4 h5 20. Qh4 Neg6 21. e6 Qd6 22. Qg5 Rxg5 23. Nxg5 Nxe6 24. Nf3 Rf8 25. Nbd2 h4 26. h3 Nef4 27. Rae1 Qd7 28. Ng5 Rf5 29. Ndf3 Qd8 30. Ne6 Nxe6 31. Rxe6 Nf4 32. Re3 Qf6 33. Nh2 d4 34. cxd4 Qxd4 35. Rfe1 Qxa4 36. Re8+ Rf8 37. R8e4 Qxb5 38. Ng4 a5 39. Re5 Qb6 40. Rg5 a4 41. Re7 Rf7 42. Re8+ Kh7 43. Ra8 Qb1+ 44. Kh2 Ne2 45. Rh5+ Kg6 46. Ne5+ Kxh5 47. Rh8+ Kg5 48. Nxf7+ Kf6 0-1

[Event "HUN-chT2 9798"]
[Site "Hungary"]
[Date "1998.??.??"]
[Round "?"]
[White "Balazs, Tibor"]
[Black "Kiss, Istvan"]
[Result "0-1"]
[WhiteElo "2025"]
[BlackElo "2265"]
[PlyCount "114"]
[EventDate "1997.??.??"]
[EventType "team"]
[EventRounds "11"]
[EventCountry "HUN"]
[SourceTitle "EXT 1999"]
[Source "ChessBase"]
[SourceDate "1998.11.16"]
[SourceVersion "1"]
[SourceVersionDate "1998.11.16"]
[SourceQuality "1"]

1. e4 c5 2. Nf3 Nc6 3. d4 cxd4 4. Nxd4 g6 5. Nc3 Bg7 6. Be3 Nf6 7. f3 a6 8. Qd2 Nxd4 9. Bxd4 Qa5 10. 0-0-0 d6 11. Bc4 0-0 12. Kb1 Be6 13. Bxe6 fxe6 14. h4 Nh5 15. Bxg7 Kxg7 16. g4 Nf4 17. h5 g5 18. h6+ Kg6 19. Qd4 e5 20. Qe3 Rac8 21. Nd5 Nxd5 22. Rxd5 Qc7 23. Rd2 b5 24. a3 a5 25. Qb3 Qc4 26. Qxc4 Rxc4 27. Rd3 b4 28. axb4 axb4 29. Kc1 Rfc8 30. Rh2 Ra8 31. Kb1 Rc6 32. Rb3 Ra4 33. Rh3 Rc4 34. Rd3 Rd4 35. Rxd4 exd4 36. b3 Ra8 37. Rh1 Kf6 38. Rh5 Rc8 39. f4 gxf4 40. Rf5+ Kg6 41. Rxf4 e5 42. Rf5 Kxh6 43. Rf6+ Kg5 44. Rxd6 Kxg4 45. Rh6 Rc7 46. Rb6 h5 47. Rxb4 h4 48. Rb8 Rh7 49. Rg8+ Kf4 50. Rg1 h3 51. Rf1+ Kxe4 52. Re1+ Kf4 53. Rf1+ Kg3 54. Rg1+ Kf2 55. Rg5 e4 56. Rf5+ Ke3 57. Rf1 h2 0-1